Internetová aplikácia na ovládanie exteriérových žalúzií

Saved in:
Bibliographic Details
Main Author: Smolár, Patrik (Author)
Other Authors: Jókay, Matúš (Thesis advisor)
Format: Manuscript Book
Language:Slovak
Published: Bratislava : STU v Bratislave FEI, 2020
Subjects:
Online Access:https://opac.crzp.sk/?fn=ResultFormChild0001C052&seo=CRZP-Zoznam-z%C3%A1znamov
Tags: Add Tag
No Tags, Be the first to tag this record!

MARC

LEADER 00000ntm a22000003a 4500
001 stuzp78858
003 SK-STU
005 20200825134636.8
007 ta
008 150427s2015----xo-----f-mn---000-0-slo-d
040 |a STU  |b slo 
041 0 |a slo 
044 |a xo 
100 1 |a Smolár, Patrik  |u 035000  |4 aut  |U FEI Fakulta elektrotechniky a informatiky  |T FEI Ústav informatiky a matematiky  |X 92211  |U E050  |Y 816  |7 92211 
242 0 1 |a Exterior Blinds Control Web Application  |y eng 
245 1 0 |a Internetová aplikácia na ovládanie exteriérových žalúzií 
260 |c Bratislava :  |c STU v Bratislave FEI,  |c 2020 
300 |a 48 s. 
650 4 |a Exteriérové žalúzie  |2 slo 
650 4 |a Python  |2 slo 
650 4 |a Flask  |2 slo 
650 4 |a Exterior blinds  |2 eng 
650 4 |a Flask  |2 eng 
650 4 |a Python  |2 eng 
700 1 |a Jókay, Matúš  |u 035000  |k Z1  |4 ths  |U FEI Fakulta elektrotechniky a informatiky  |T FEI Ústav informatiky a matematiky  |X 10139  |U E050  |Y 816  |7 A000010139 
856 4 |u https://opac.crzp.sk/?fn=ResultFormChild0001C052&seo=CRZP-Zoznam-z%C3%A1znamov